LEADER 01474nam a2200337 a 4500 001 000000117878 003 CaOOAMICUS 005 20091106144956.0 008 091106t2009 it a u000 u eng r 020 $a978-88-96415-00-9 040 $aPUL$bita$dReb 041 0 $aeng$hita 100 1 $aZaccone, Gian Maria.$0(OLS)http://pul/name/73601 245 14$aThe Holy Shroud and Places of Faith in Piedmont /$cGian Maria Zaccone ; photo by Toni Spagone. 246 14$aLa Sindone ed i luoghi della fede in Piemonte 260 $aTorino :$bRealy Easy Star,$cİ2009. 300 $a183 p. :$bill. ;$c32 cm. 500 $aTesto prevalentemente illustrato. 546 $aTesto in inglese ed italiano. 650 4$aCristianesimo$zPiemonte.$0(OLS)http://pul/subject/35781 650 4$aSanta Sindone.$0(OLS)http://pul/subject/14358 700 1 $aSpagone, Toni,$d1961-$0(OLS)http://pul/name/73603 850 $aPUL 852 $aPUL$W1$xSL Religione 3$y85$m232. 9 ZACGI 1$j135271$qDDC 21$B134243$CPULBib$Z2$F134243 $H111457 $82 941 1 $a9 960 $aSacra Sindone$914358 960 $aSindonologia$914358 996 $6020$a978-88-96415-00-9$9(OLS)http://pul/number/142346 996 $6245$aThe Holy Shroud and Places of Faith in Piedmont$9(OLS)http://pul/title/148385 996 $6246$aLa Sindone ed i luoghi della fede in Piemonte$9(OLS)http://pul/title/148387 996 $6260$aTorino :$bRealy Easy Star$9(OLS)http://pul/publisher/80898 LEADER 01131nam a2200265 u 4500 001 000000053631 003 CaOOAMICUS 005 20070226115601.0 008 001117s2000 it u000 u ita u 035 $a10861700 040 $aPUL$bita 100 1 $aShaleta, Emanuel Isho.$0(OLS)http://pul/name/38179 245 13$aIl commento d'Iso'Dad di Merv all'Evangelo di Marco /$cEmanuel Isho Shaleta. 260 $aRoma :$b[s.n.],$c2000. 300 $a95 p. ;$c25 cm 500 $aIn testa al front.: "Pontificia Universitas Urbaniana. Facultas theologica". 500 $a"Extractum ex dissertatione ad doctoratum in Facultae Sacrae Theologiae". 504 $a"Bibliografia": p. 22-32. 630 04$aBiblia.$pN.T.$pMarcus.$0(OLS)http://pul/subject/37837 850 $aPUL 852 $aPUL$W1$xDP1 Tesi Pon. Univ. Urbaniana$y49$mTH URB 566$j70730$nBK-PRI$b $qTesi$B70730$CPULBib$Z2$F70730 $H $81 941 1 $a16 961 $aINV: 82984 996 $6245$aIl commento d'Iso'Dad di Merv all'Evangelo di Marco$9(OLS)http://pul/title/71934 996 $6260$aRoma :$b[s.n.]$9(OLS)http://pul/publisher/47958